000 00240nam a2200097Ia 4500
008 240625s9999 xx 000 0 und d
041 _aeng
100 _aDEMIRGUC KUNT ASLI
245 _aFINANCIAL STRUCTURE AND ECONOMIC GROWTH
260 _c2004
999 _c33156
_d33156